| 000 -CABECERA |
| Longitud fija campo de control |
00646nam a2200229 a 4500 |
| 001 - NÚMERO DE CONTROL |
| Número de control |
1917 |
| 003 - IDENTIFICADOR DEL NÚMERO DE CONTROL |
| Identificador del número de control |
CDMR |
| 005 - FECHA Y HORA DE LA ÚLTIMA TRANSACCIÓN |
| Fecha y hora de la última transacción |
20131118180953.0 |
| 008 - CÓDIGOS DE INFORMACIÓN DE LONGITUD FIJA |
| Códigos de información de longitud fija |
130130s1989||||||||||||||||||||||||||||d |
| 020 ## - NÚMERO INTERNACIONAL NORMALIZADO PARA LIBROS |
| Número Internacional Normalizado para Libros (ISBN) |
8423924459 |
| 040 ## - FUENTE DE LA CATALOGACIÓN |
| Centro catalogador de origen |
CDMR |
| Lengua de catalogación |
cat |
| Centro transcriptor |
CDMR |
| 100 1# - PUNTO DE ACCESO PRINCIPAL-NOMBRE DE PERSONA |
| Nombre de persona |
Sinova, Justino |
| 9 (RLIN) |
1430 |
| 245 13 - MENCIÓN DE TÍTULO |
| Título |
La censura de prensa durante el franquismo |
| Resto del título |
: 1936-1951 |
| Mención de responsabilidad, etc. |
Justino Sinova |
| 260 ## - PUBLICACIÓN, DISTRIBUCIÓN, ETC. (PIE DE IMPRENTA) |
| Lugar de publicación, distribución, etc. |
Madrid |
| Fecha de publicación, distribución, etc. |
1989 |
| Nombre del editor, distribuidor, etc. |
Espasa-Calpe |
| 300 ## - DESCRIPCIÓN FÍSICA |
| Extensión |
310 p. |
| 490 0# - MENCIÓN DE SERIE |
| Mención de serie |
Espasa Mañana |
| 586 ## - NOTA DE PREMIOS |
| Nota de premios |
Premio ex aequo Espasa-Mañana de Ensayp, 1989 |
| 650 04 - PUNTO DE ACCESO ADICIONAL DE MATERIA - TÉRMINO DE MATERIA |
| 9 (RLIN) |
3312 |
| Término de materia o nombre geográfico como elemento inicial |
Franquisme |
| 650 04 - PUNTO DE ACCESO ADICIONAL DE MATERIA - TÉRMINO DE MATERIA |
| 9 (RLIN) |
2723 |
| Término de materia o nombre geográfico como elemento inicial |
Censura |
| 650 04 - PUNTO DE ACCESO ADICIONAL DE MATERIA - TÉRMINO DE MATERIA |
| 9 (RLIN) |
1582 |
| Término de materia o nombre geográfico como elemento inicial |
Llibertat d'impremta |
| 942 ## - ENTRADA DE ELEMENTOS AGREGADOS (KOHA) |
| Koha [por defecto] tipo de item |
Monografies |
| Fuente de clasificaión o esquema |
|